000 01126nam a22002417a 4500
005 20100809152538.0
010 _aENG-99060 ENG-101357
020 _a9788172086886
020 _a9788172087043
_c140.00
020 _a9788172087395
_c100.00
035 _aEN-82592-84890
037 _bDBAD/PUB
082 _a230.35
100 _aRoof, Jonathan
245 _aPathways to God :
_ban advanced study guide to select teachings of Sri Sathya Sai Baba on self-realisation /
_cby Jonathan Roof
260 _aPrasanthi Nilayam
_bSri Sathya Sai Sadhana Trust
_c2009
270 _aAnantapur District, Andhra Pradesh
_bPrasanthi Nilayam
_e515134
300 _aV.3 (xii,345p, ix,207p)
_c22cm (pbk)
_ephoto
500 _aIncludes bibliographical references
942 _2ddc
_cEN
_h230.35
_mROO
999 _c40415
_d40415